Kali the Mother (Record no. 20342)

MARC details
000 -LEADER
fixed length control field 00300nam a22001337a 4500
020 ## - INTERNATIONAL STANDARD BOOK NUMBER
ISBN 978-81-7505-040-2
082 ## - DEWEY DECIMAL CLASSIFICATION NUMBER
Classification number 294.5 NIV
100 ## - MAIN ENTRY--AUTHOR NAME
Author name Nivedita Sister
245 ## - TITLE STATEMENT
Title Kali the Mother
260 ## - PUBLICATION, DISTRIBUTION, ETC. (IMPRINT)
Place of publication Kolkata
Name of publisher Advaita Ashrama
Year of publication 2014
300 ## - PHYSICAL DESCRIPTION
Number of Pages 110
650 ## - SUBJECT ADDED ENTRY--TOPICAL TERM
Topical Term Hinduism-Goddesses
942 ## - ADDED ENTRY ELEMENTS (KOHA)
Koha item type Books
Holdings
Home library Current library Date acquired Source of acquisition Cost, normal purchase price Full call number Accession Number Koha item type
Henry Martyn Institute Library Henry Martyn Institute Library 03/09/2017 amazon 100.00 294.5 NIV 25199 Books
                   Copyright © 2026 | Henry Martyn Institute | Hyderabad | TS-500052 | INDIA | Implemented by hmi.edu.in
Hit-Count:

Powered by Koha